<?xml version="1.0" encoding="UTF-8"?>
<record
    xmlns:xsi="http://www.w3.org/2001/XMLSchema-instance"
    xsi:schemaLocation="http://www.loc.gov/MARC21/slim http://www.loc.gov/standards/marcxml/schema/MARC21slim.xsd"
    xmlns="http://www.loc.gov/MARC21/slim">

  <leader>01440    a2200217   4500</leader>
  <controlfield tag="001">58028</controlfield>
  <controlfield tag="005">20260407155840.0</controlfield>
  <controlfield tag="008">260407a1964    arg                 spa d</controlfield>
  <controlfield tag="003">AR-UNSa-BCEJYS</controlfield>
  <datafield tag="040" ind1=" " ind2=" ">
    <subfield code="a">AR-UNSa-BCEJYS</subfield>
    <subfield code="b">spa</subfield>
    <subfield code="c">AR-UNSa-BCEJYS</subfield>
  </datafield>
  <datafield tag="080" ind1=" " ind2=" ">
    <subfield code="a">347.249(094.4)</subfield>
    <subfield code="x">C&#xF3;digo de Miner&#xED;a</subfield>
  </datafield>
  <datafield tag="245" ind1="1" ind2="0">
    <subfield code="a">C&#xF3;digo de miner&#xED;a</subfield>
    <subfield code="p">Legislaci&#xF3;n de Hidrocarburos</subfield>
  </datafield>
  <datafield tag="264" ind1=" " ind2="1">
    <subfield code="a">Buenos Aires :</subfield>
    <subfield code="b">Abeledo Perrot</subfield>
    <subfield code="c">1964</subfield>
  </datafield>
  <datafield tag="300" ind1=" " ind2=" ">
    <subfield code="a">450 p.</subfield>
    <subfield code="c">23 cm.</subfield>
  </datafield>
  <datafield tag="505" ind1=" " ind2=" ">
    <subfield code="a">1. De las minas y su dominio - 2. De las personas que pueden adquirir minas - 3. De las relaciones entre el propietario y el minero - 4. Disposiciones especiales sobre las sustancias de la segunda categor&#xED;a - 5. Disposiciones concernientes a las sustancias de la tercera categor&#xED;a - 6. De la adquisici&#xF3;n de las minas - 7. De las pertenencias y su demarcaci&#xF3;n  - 8. De los efectos de la constituci&#xF3;n de las pertenencias - 9. De las condiciones de la concesi&#xF3;n - 10. De los av&#xED;os de minas - 11. De las minas en compa&#xF1;ia - 12. De la sociedad conyugal - 13. De la enajenaci&#xF3;n y venta de las minas - 14. De la prescripci&#xF3;n de las minas - 15. Del arrendamiento de las minas - 16. Del derecho de usufructo - 17. Del r&#xE9;gimen legal de las minas de petr&#xF3;leo e hidrocarburos fluidos - 18. Disposiciones transitorias</subfield>
  </datafield>
  <datafield tag="041" ind1=" " ind2=" ">
    <subfield code="a">spa</subfield>
  </datafield>
  <datafield tag="942" ind1=" " ind2=" ">
    <subfield code="c">BK</subfield>
  </datafield>
  <datafield tag="590" ind1=" " ind2=" ">
    <subfield code="a">niveau_biblio:m niveau_hierar:0</subfield>
  </datafield>
  <datafield tag="100" ind1="1" ind2=" ">
    <subfield code="a">Pigretti, Eduardo A.</subfield>
  </datafield>
  <datafield tag="700" ind1="1" ind2=" ">
    <subfield code="a">Argentina [C&#xF3;digo de Miner&#xED;a]</subfield>
  </datafield>
  <datafield tag="999" ind1=" " ind2=" ">
    <subfield code="c">6396</subfield>
    <subfield code="d">6396</subfield>
  </datafield>
  <datafield tag="952" ind1=" " ind2=" ">
    <subfield code="0">0</subfield>
    <subfield code="1">0</subfield>
    <subfield code="4">0</subfield>
    <subfield code="7">0</subfield>
    <subfield code="a">BCEJYS</subfield>
    <subfield code="b">BCEJYS</subfield>
    <subfield code="c">16</subfield>
    <subfield code="d">2026-04-07</subfield>
    <subfield code="l">0</subfield>
    <subfield code="o">347.249(094.4) P628</subfield>
    <subfield code="p">L87200</subfield>
    <subfield code="r">2026-04-07 15:58:40</subfield>
    <subfield code="w">2026-04-07</subfield>
    <subfield code="y">L</subfield>
  </datafield>
</record>
